[Event "100th anniversary Efim Geller Blitz"]
[Site "Odesa"]
[Date "2025.11.29"]
[Round "8.6"]
[White "Bliumberg, Vladislav"]
[Black "Bagiryan, Vigen"]
[Result "1/2-1/2"]
[WhiteElo "2159"]
[BlackElo "2132"]
[Annotator "IA Prokhorov Oleksandr"]
[PlyCount "137"]
[EventDate "2025.11.29"]
[EventType "swiss (blitz)"]
[EventRounds "11"]
[EventCountry "UKR"]

1. e4 c5 2. Nc3 Nc6 3. f4 g6 4. Nf3 Bg7 5. Bc4 e6 6. f5 gxf5 7. d3 Nge7 8. O-O
a6 9. a4 d5 10. exd5 Nxd5 11. Bxd5 exd5 12. Bg5 Qd6 13. Qe1+ Be6 14. Qh4 Kd7
15. Rae1 Rae8 16. Bf4 Qe7 17. Qh5 Qf6 18. Ne5+ Nxe5 19. Bxe5 Qxe5 20. Rxe5 Bxe5
21. Rxf5 Bd4+ 22. Kh1 Bxc3 23. bxc3 Bxf5 24. Qxf5+ Kc6 25. h3 Re1+ 26. Kh2 Rhe8
27. Qxf7 R8e7 28. Qf6+ R1e6 29. Qf3 Kd6 30. Qf4+ Kc6 31. Qf3 Kd6 32. c4 dxc4
33. Qf4+ Kc6 34. Qxc4 b5 35. axb5+ axb5 36. Qa2 Kb6 37. Qa8 b4 38. Qd8+ Kc6 39.
Qa8+ Kb6 40. Qb8+ Kc6 41. d4 cxd4 42. Qxb4 Re4 43. Qc4+ Kd6 44. c3 dxc3 45.
Qxc3 R4e6 46. Qd4+ Kc6 47. h4 Re4 48. Qc3+ Kd5 49. g3 Re3 50. Qa5+ Kd4 51. Qg5
Kd3 52. Kh3 Ke2 53. Qb5+ Kf2 54. Qf5+ Rf3 55. Qc5+ Ree3 56. Qc2+ Kf1 57. Qd1+
Kf2 58. Qd2+ Kf1 59. Qg2+ Ke1 60. h5 h6 61. Kh4 Rf2 62. Qc6 Rff3 63. Qd6 Kf2
64. Qd2+ Kf1 65. Qd1+ Kf2 66. Qd2+ Kf1 67. Qd1+ Kf2 68. Qd2+ Kf1 69. Qd1+
1/2-1/2

[Event "100th anniversary Efim Geller Blitz"]
[Site "Odesa"]
[Date "2025.11.29"]
[Round "8.7"]
[White "Dovzhenko, Viktor"]
[Black "Oyberman, Mikhail"]
[Result "0-1"]
[WhiteElo "2058"]
[BlackElo "2102"]
[Annotator "IA Prokhorov Oleksandr"]
[PlyCount "65"]
[EventDate "2025.11.29"]
[EventType "swiss (blitz)"]
[EventRounds "11"]
[EventCountry "UKR"]

1. d3 d5 2. c4 e6 3. g3 Nf6 4. Bg2 Be7 5. Nf3 O-O 6. O-O c5 7. cxd5 exd5 8. d4
h6 9. Nc3 Nc6 10. Bf4 Be6 11. Rc1 c4 12. b3 cxb3 13. Qxb3 Na5 14. Qa4 a6 15.
Ne5 b5 16. Qd1 Rc8 17. e4 dxe4 18. Nxe4 Nxe4 19. Bxe4 Rxc1 20. Bxc1 Bf6 21. a4
Bb3 22. Bc2 bxa4 23. Ba3 Re8 24. Qd3 Bxc2 25. Qxc2 Qxd4 26. Nc6 Nxc6 27. Qxc6
Re6 28. Qc8+ Kh7 29. Qc2+ Qe4 30. Qd1 Bd4 31. Bb4 Rf6 32. Qxa4 Bc5 33. Qa2 {
time} 0-1

[Event "100th anniversary Efim Geller Blitz"]
[Site "Odesa"]
[Date "2025.11.29"]
[Round "8.8"]
[White "Shton, Roman"]
[Black "Ahniannykov, Danylo"]
[Result "0-1"]
[WhiteElo "2119"]
[BlackElo "2067"]
[Annotator "IA Prokhorov Oleksandr"]
[PlyCount "62"]
[EventDate "2025.11.29"]
[EventType "swiss (blitz)"]
[EventRounds "11"]
[EventCountry "UKR"]

1. d4 Nf6 2. Nf3 d5 3. g3 g6 4. Bg2 Bg7 5. O-O O-O 6. b3 Bf5 7. Bb2 a5 8. a3
Nbd7 9. c4 c6 10. Nc3 Ne4 11. cxd5 Nxc3 12. Bxc3 cxd5 13. Qd2 a4 14. bxa4 Rxa4
15. Bb4 Be4 16. Rac1 Bxf3 17. Bxf3 Nb6 18. Qd3 Qd7 19. Rc5 e6 20. e3 Nc4 21. e4
b6 22. exd5 bxc5 23. Bxc5 exd5 24. Bxf8 Bxf8 25. Qb3 Rxa3 26. Qd1 Rxf3 27. Qxf3
Nd2 28. Qe2 Nxf1 29. Kxf1 Qe6 30. Qd3 Qe4 31. Qd1 Bg7 0-1

[Event "100th anniversary Efim Geller Blitz"]
[Site "Odesa"]
[Date "2025.11.29"]
[Round "8.9"]
[White "Dovhan, Artem"]
[Black "Biliy, Vadim"]
[Result "1-0"]
[WhiteElo "2092"]
[BlackElo "2056"]
[Annotator "IA Prokhorov Oleksandr"]
[PlyCount "56"]
[EventDate "2025.11.29"]
[EventType "swiss (blitz)"]
[EventRounds "11"]
[EventCountry "UKR"]

1. e4 d6 2. d4 Nf6 3. Bd3 e5 4. c3 d5 5. dxe5 Nxe4 6. Nd2 Nc5 7. Bc2 Nc6 8.
Ngf3 Bg4 9. h3 Bh5 10. g4 Bg6 11. Nb3 Bxc2 12. Qxc2 Nxb3 13. Qxb3 Rb8 14. Bg5
Qd7 15. O-O-O h5 16. Rxd5 Qe6 17. Rhd1 Be7 18. Bxe7 Nxe7 19. R5d4 hxg4 20. hxg4
Nc6 21. Qa4 O-O 22. Rd5 a6 23. Ng5 Qh6 24. f4 f6 25. exf6 gxf6 26. Qc4 Kh8 27.
Ne6 Rf7 28. Rh5 Qxh5 {time} 1-0

[Event "100th anniversary Efim Geller Blitz"]
[Site "Odesa"]
[Date "2025.11.29"]
[Round "8.10"]
[White "Smotrov, Pavlo"]
[Black "Vasilyev, Mikhail"]
[Result "1/2-1/2"]
[WhiteElo "2069"]
[BlackElo "2091"]
[Annotator "IA Prokhorov Oleksandr"]
[PlyCount "124"]
[EventDate "2025.11.29"]
[EventType "swiss (blitz)"]
[EventRounds "11"]
[EventCountry "UKR"]

1. d4 d5 2. Bf4 e6 3. e3 f5 4. Nf3 Nf6 5. Bd3 c6 6. c3 Bd6 7. Ne5 O-O 8. Nd2
Qe7 9. O-O Nbd7 10. Ndf3 Ne4 11. h3 Nxe5 12. Nxe5 Bd7 13. Rc1 Be8 14. c4 b6 15.
Qe2 Rc8 16. cxd5 exd5 17. Rc2 c5 18. b3 g5 19. Bh2 Bg6 20. Rfc1 f4 21. Nxg6
hxg6 22. exf4 Bxf4 23. Bxe4 dxe4 24. Bxf4 Rxf4 25. dxc5 Rxc5 26. Rxc5 bxc5 27.
Qc4+ Kg7 28. Qxc5 Qf7 29. Qd4+ Kh7 30. Rc8 Qg7 31. Qxg7+ Kxg7 32. Rc7+ Kf6 33.
Rxa7 Ke5 34. Ra5+ Kf6 35. b4 e3 36. fxe3 Rxb4 37. a4 Rb2 38. Ra8 Re2 39. a5
Rxe3 40. a6 Ra3 41. Kf2 Kg7 42. Ke2 Kh7 43. Kd2 Ra2+ 44. Kc3 Rxg2 45. Kb3 Rg3+
46. Kb4 Rg1 47. a7 Ra1 48. Kc5 Kg7 49. Kd4 Ra4+ 50. Ke3 Ra3+ 51. Ke4 Ra4+ 52.
Kf3 Ra3+ 53. Kg4 Ra5 54. Kf3 Kh7 55. Ke4 Kg7 56. Kd4 Kh7 57. Kc4 Ra1 58. Kc5
Rc1+ 59. Kd6 Rd1+ 60. Ke7 Re1+ 61. Kf7 Ra1 62. Kf6 Ra5 {Ke5} 1/2-1/2

[Event "100th anniversary Efim Geller Blitz"]
[Site "Odesa"]
[Date "2025.11.29"]
[Round "9.1"]
[White "Lyakh, Vasiliy"]
[Black "Kislinsky, Alexey"]
[Result "1/2-1/2"]
[WhiteElo "2329"]
[BlackElo "2316"]
[Annotator "IA Prokhorov Oleksandr"]
[PlyCount "35"]
[EventDate "2025.11.29"]
[EventType "swiss (blitz)"]
[EventRounds "11"]
[EventCountry "UKR"]

1. d4 Nf6 2. c4 c5 3. d5 g6 4. Nc3 Bg7 5. e4 d6 6. Nf3 O-O 7. Bd3 e6 8. O-O
exd5 9. exd5 Bg4 10. h3 Bxf3 11. Qxf3 Nbd7 12. Bf4 Ne5 13. Qe2 Nh5 14. Bh2 f5
15. f4 Nxd3 16. Qxd3 Qh4 17. Rae1 Rae8 18. Re6 1/2-1/2

[Event "100th anniversary Efim Geller Blitz"]
[Site "Odesa"]
[Date "2025.11.29"]
[Round "9.2"]
[White "Snigurov, Maxim"]
[Black "Alexikov, Alexander"]
[Result "1-0"]
[WhiteElo "2359"]
[BlackElo "2159"]
[Annotator "IA Prokhorov Oleksandr"]
[PlyCount "79"]
[EventDate "2025.11.29"]
[EventType "swiss (blitz)"]
[EventRounds "11"]
[EventCountry "UKR"]

1. b3 e5 2. Bb2 d6 3. e3 Nc6 4. d4 f5 5. dxe5 Nxe5 6. Nf3 Nxf3+ 7. gxf3 Nf6 8.
Rg1 g6 9. Nc3 c6 10. Qd3 Be6 11. O-O-O d5 12. Ne2 Bg7 13. Nd4 Bd7 14. Bh3 Qe7
15. Qc3 Rf8 16. Qa5 b6 17. Qa6 Kf7 18. Rge1 c5 19. Nb5 Bc6 20. c4 dxc4 21. Nd6+
Kg8 22. Qxc4+ Kh8 23. e4 fxe4 24. fxe4 Nh5 25. Bxg7+ Qxg7 26. e5 Rxf2 27. Rf1
Raf8 28. Rxf2 Rxf2 29. Rf1 Rxf1+ 30. Bxf1 h6 31. Bd3 Qf8 32. Qe6 Qg8 33. Nf7+
Kg7 34. Qxg6+ Kf8 35. Qd6+ Kg7 36. Qg6+ Kf8 37. Qxh6+ Ke7 38. Qd6+ Ke8 39. Qd8+
Kxf7 40. Bc4+ 1-0

[Event "100th anniversary Efim Geller Blitz"]
[Site "Odesa"]
[Date "2025.11.29"]
[Round "9.3"]
[White "Golubev, Mikhail"]
[Black "Budnikov, Oleg"]
[Result "0-1"]
[WhiteElo "2334"]
[BlackElo "2376"]
[Annotator "IA Prokhorov Oleksandr"]
[PlyCount "86"]
[EventDate "2025.11.29"]
[EventType "swiss (blitz)"]
[EventRounds "11"]
[EventCountry "UKR"]

1. e4 c5 2. Nf3 d6 3. d4 cxd4 4. Nxd4 Nf6 5. Nc3 g6 6. Be3 Nc6 7. f3 h5 8. Bc4
Bg7 9. Bb3 Bd7 10. h3 Rc8 11. Qd2 Na5 12. O-O-O h4 13. Kb1 a6 14. Rhe1 b5 15.
Bg5 Nc4 16. Bxc4 Rxc4 17. e5 dxe5 18. Rxe5 O-O 19. Nb3 b4 20. Ne4 Qc8 21. Bxf6
exf6 22. Nd6 Qc7 23. Re7 Rc6 24. Ne4 f5 25. Nf2 Qg3 26. Qxd7 Rcc8 27. Rxf7 Rxf7
28. Qxc8+ Kh7 29. Nd3 Qxg2 30. Qd8 Qxh3 31. Re1 Qg3 32. Qe8 Rc7 33. Qe2 Bf6 34.
f4 Re7 35. Qf1 Rxe1+ 36. Qxe1 Qg2 37. Qe6 Kg7 38. Ne5 Bxe5 39. fxe5 h3 40. Qf6+
Kh6 41. e6 h2 42. e7 h1=Q+ 43. Nc1 Qhg1 {time} 0-1

[Event "100th anniversary Efim Geller Blitz"]
[Site "Odesa"]
[Date "2025.11.29"]
[Round "9.4"]
[White "Oyberman, Mikhail"]
[Black "Dovhan, Artem"]
[Result "1/2-1/2"]
[WhiteElo "2102"]
[BlackElo "2092"]
[Annotator "IA Prokhorov Oleksandr"]
[PlyCount "57"]
[EventDate "2025.11.29"]
[EventType "swiss (blitz)"]
[EventRounds "11"]
[EventCountry "UKR"]

1. e4 c5 2. Nf3 e6 3. c3 d5 4. exd5 Qxd5 5. d4 Nf6 6. Be2 Nc6 7. O-O Be7 8. Na3
Qd8 9. Nc4 O-O 10. Nce5 Qc7 11. Nxc6 Qxc6 12. Be3 Rd8 13. Qb3 Nd5 14. Ne5 Qc7
15. Bd3 Bd6 16. Nf3 Nf6 17. Rad1 b6 18. dxc5 bxc5 19. h3 Bb7 20. Be2 Rab8 21.
Qc2 Be4 22. Qc1 Nd5 23. b3 Nxe3 24. Qxe3 Ba8 25. Qc1 Bf4 26. Qc2 Bc6 27. Rfe1
Qb7 28. Rxd8+ Rxd8 29. Rd1 1/2-1/2

[Event "100th anniversary Efim Geller Blitz"]
[Site "Odesa"]
[Date "2025.11.29"]
[Round "9.5"]
[White "Ahniannykov, Danylo"]
[Black "Tobak, Mikhail"]
[Result "0-1"]
[WhiteElo "2067"]
[BlackElo "2299"]
[Annotator "IA Prokhorov Oleksandr"]
[PlyCount "68"]
[EventDate "2025.11.29"]
[EventType "swiss (blitz)"]
[EventRounds "11"]
[EventCountry "UKR"]

1. d4 Nf6 2. Nf3 d6 3. c4 Nbd7 4. Nc3 e5 5. e4 g6 6. Be2 Bg7 7. O-O a5 8. Re1
O-O 9. Rb1 Re8 10. d5 Nc5 11. Bf1 Rf8 12. b3 Bd7 13. a3 a4 14. b4 Nb3 15. Bg5
h6 16. Bxf6 Bxf6 17. Qc2 Bg7 18. Nb5 f5 19. Bd3 f4 20. c5 Rf6 21. cxd6 cxd6 22.
Qc7 g5 23. h3 Qxc7 24. Nxc7 Rc8 25. Nb5 Bf8 26. Be2 Rc2 27. Bd3 Rc8 28. Re2 Nc1
29. Rxc1 Rxc1+ 30. Kh2 Be7 31. Ne1 h5 32. Nc2 g4 33. hxg4 hxg4 34. g3 Rh6+ 0-1

[Event "100th anniversary Efim Geller Blitz"]
[Site "Odesa"]
[Date "2025.11.29"]
[Round "9.6"]
[White "Bliumberg, Vladislav"]
[Black "Makarov, V."]
[Result "1-0"]
[WhiteElo "2159"]
[BlackElo "2270"]
[Annotator "IA Prokhorov Oleksandr"]
[PlyCount "31"]
[EventDate "2025.11.29"]
[EventType "swiss (blitz)"]
[EventRounds "11"]
[EventCountry "UKR"]

1. e4 c5 2. Nc3 Nc6 3. f4 g6 4. Nf3 Bg7 5. Bc4 d6 6. d3 e6 7. f5 exf5 8. O-O
Nge7 9. Qe1 O-O 10. Qh4 Ne5 11. Bg5 N5c6 12. Nd5 Re8 13. Nf6+ Bxf6 14. Bxf6 h5
15. Qg5 Qd7 16. Qh6 1-0

[Event "100th anniversary Efim Geller Blitz"]
[Site "Odesa"]
[Date "2025.11.29"]
[Round "9.7"]
[White "Bagiryan, Vigen"]
[Black "Garsky, Vladyslav"]
[Result "0-1"]
[WhiteElo "2132"]
[BlackElo "2176"]
[Annotator "IA Prokhorov Oleksandr"]
[PlyCount "88"]
[EventDate "2025.11.29"]
[EventType "swiss (blitz)"]
[EventRounds "11"]
[EventCountry "UKR"]

1. e4 c6 2. d4 d5 3. e5 c5 4. Nf3 Nc6 5. Be3 cxd4 6. Bxd4 e6 7. Be3 Nge7 8. Bf4
Ng6 9. Bg3 f6 10. exf6 Qxf6 11. c3 Bc5 12. Bd3 O-O 13. O-O Bd7 14. Nbd2 Rad8
15. Qc2 Be8 16. Rae1 h6 17. b4 Bd6 18. Nb3 e5 19. Bxg6 Bxg6 20. Qd1 Bf7 21. Nc5
Bxc5 22. bxc5 Rfe8 23. Nd2 e4 24. Qc1 Ne5 25. Bxe5 Qxe5 26. Nb3 Rc8 27. Re3 Rc7
28. Rfe1 Rec8 29. Rg3 Qf6 30. Qa3 b6 31. cxb6 axb6 32. Nd4 Rc4 33. h3 h5 34.
Rb1 Qf4 35. Rxb6 Rxd4 36. cxd4 Rc1+ 37. Qxc1 Qxc1+ 38. Kh2 Qf4 39. Kg1 Qc1+ 40.
Kh2 h4 41. Rb8+ Kh7 42. Rg4 Qc7+ 43. g3 hxg3+ 44. fxg3 Qxb8 0-1

[Event "100th anniversary Efim Geller Blitz"]
[Site "Odesa"]
[Date "2025.11.29"]
[Round "9.8"]
[White "Nedin, Danylo"]
[Black "Fingerov, Dmitry"]
[Result "0-1"]
[WhiteElo "1986"]
[BlackElo "2242"]
[Annotator "IA Prokhorov Oleksandr"]
[PlyCount "54"]
[EventDate "2025.11.29"]
[EventType "swiss (blitz)"]
[EventRounds "11"]
[EventCountry "UKR"]

1. e4 e6 2. b3 d5 3. Bb2 dxe4 4. Nc3 Nf6 5. Qe2 Nc6 6. Nxe4 Nxe4 7. Qxe4 Qd5 8.
Qxd5 exd5 9. O-O-O f6 10. h3 Kf7 11. g4 h5 12. Bg2 Be6 13. Ne2 Bd6 14. f4 hxg4
15. hxg4 Bxg4 16. Bxd5+ Ke7 17. Rhg1 Rh4 18. Rde1 Kd7 19. f5 Re8 20. Be6+ Kd8
21. Nc3 Nd4 22. Bd5 Rxe1+ 23. Rxe1 c6 24. Be6 Bxf5 25. Bxf5 Nxf5 26. Ne4 Be7
27. a4 Bf8 {time} 0-1

[Event "100th anniversary Efim Geller Blitz"]
[Site "Odesa"]
[Date "2025.11.29"]
[Round "9.9"]
[White "Vasilyev, Mikhail"]
[Black "Stoliar, Volodymyr"]
[Result "0-1"]
[WhiteElo "2091"]
[BlackElo "1977"]
[Annotator "IA Prokhorov Oleksandr"]
[PlyCount "152"]
[EventDate "2025.11.29"]
[EventType "swiss (blitz)"]
[EventRounds "11"]
[EventCountry "UKR"]

1. e4 d6 2. d4 c6 3. Nc3 g6 4. Nf3 Nf6 5. Bd3 Nbd7 6. h3 Bg7 7. O-O e5 8. dxe5
dxe5 9. Qe2 O-O 10. a4 a5 11. Bc4 Qc7 12. Bg5 Nc5 13. Bh4 Be6 14. Bg3 Nfd7 15.
Rfd1 Rad8 16. b3 Nb6 17. Bxe6 Nxe6 18. Qe3 h6 19. h4 Nf4 20. Ne2 Nxe2+ 21. Qxe2
Nd7 22. Qe3 b6 23. Rd2 Nc5 24. Rad1 Rxd2 25. Rxd2 Ne6 26. Qc3 Nf4 27. Qc4 Rc8
28. Bxf4 exf4 29. Qd3 Re8 30. Nd4 Bxd4 31. Qxd4 Qe7 32. Re2 c5 33. Qd5 Qxh4 34.
e5 Re6 35. Re4 Qe7 36. f3 Qg5 37. Kf2 Qg3+ 38. Kf1 h5 39. Qd8+ Kg7 40. Qd2 h4
41. Qf2 Qg5 42. Qe2 Qh5 43. Qe1 h3 44. gxh3 Qxh3+ 45. Ke2 Qf5 46. Kd1 Qh5 47.
Qe2 Qh1+ 48. Qe1 Qxf3+ 49. Kd2 Qg4 50. Qe2 Qg5 51. Qf3 Rxe5 52. Qxf4 Qxf4+ 53.
Rxf4 g5 54. Rf2 f5 55. Kd3 Kf6 56. c3 g4 57. b4 cxb4 58. cxb4 g3 59. Rg2 f4 60.
bxa5 bxa5 61. Kd4 Kf5 62. Rc2 Re4+ 63. Kd3 Rxa4 64. Rc8 Ra3+ 65. Ke2 f3+ 66.
Kd2 g2 67. Rf8+ Kg4 68. Rg8+ Kf4 69. Rf8+ Kg3 70. Rg8+ Kf2 71. Kc2 g1=Q 72.
Rxg1 Kxg1 73. Kb2 f2 74. Kxa3 f1=Q 75. Ka4 Qb1 76. Kxa5 Qb3 0-1

[Event "100th anniversary Efim Geller Blitz"]
[Site "Odesa"]
[Date "2025.11.29"]
[Round "9.10"]
[White "Stets, Vasyl"]
[Black "Smotrov, Pavlo"]
[Result "1-0"]
[WhiteElo "2005"]
[BlackElo "2069"]
[Annotator "IA Prokhorov Oleksandr"]
[PlyCount "81"]
[EventDate "2025.11.29"]
[EventType "swiss (blitz)"]
[EventRounds "11"]
[EventCountry "UKR"]

1. d4 d5 2. c4 e6 3. Nf3 c5 4. cxd5 exd5 5. g3 Nc6 6. Bg2 Nf6 7. O-O Be7 8. Nc3
c4 9. b3 cxb3 10. axb3 O-O 11. Bb2 Bg4 12. Ne5 Be6 13. Nxc6 bxc6 14. Na4 Qd7
15. Nc5 Bxc5 16. dxc5 Qe7 17. Qd4 Rfb8 18. b4 Rb7 19. Bc3 Ne8 20. Ra6 Bd7 21.
e3 f6 22. Rfa1 Nc7 23. R6a2 Nb5 24. Qd2 Nxc3 25. Qxc3 Qe5 26. Qd2 Bf5 27. Ra6
h6 28. h4 Kh7 29. R1a2 Be4 30. Rxc6 Bxg2 31. Kxg2 Qe4+ 32. f3 Qxb4 33. Qxd5 Qb3
34. Qe4+ Kh8 35. Rd2 a5 36. Rcd6 Rbb8 37. c6 Re8 38. Qd4 a4 39. c7 Rec8 40.
Rd8+ Kh7 41. Qe4+ 1-0

[Event "100th anniversary Efim Geller Blitz"]
[Site "Odesa"]
[Date "2025.11.29"]
[Round "10.1"]
[White "Budnikov, Oleg"]
[Black "Snigurov, Maxim"]
[Result "0-1"]
[WhiteElo "2376"]
[BlackElo "2359"]
[Annotator "IA Prokhorov Oleksandr"]
[PlyCount "68"]
[EventDate "2025.11.29"]
[EventType "swiss (blitz)"]
[EventRounds "11"]
[EventCountry "UKR"]

1. e4 c5 2. Nf3 e6 3. Nc3 Nc6 4. d4 cxd4 5. Nxd4 d6 6. Be3 Nf6 7. f3 d5 8. Bb5
Bd7 9. exd5 exd5 10. Qd2 Bd6 11. O-O-O O-O 12. Nb3 Be6 13. Bxc6 bxc6 14. Bc5 a5
15. Na4 Re8 16. Bxd6 Qxd6 17. Qd4 Rab8 18. a3 Bf5 19. Rd2 Nd7 20. Nac5 Nxc5 21.
Qxc5 Qh6 22. g4 Bg6 23. h4 Qf4 24. Nd4 Rxb2 25. Kxb2 Qxd2 26. h5 Bd3 27. Nxc6
Bc4 28. h6 gxh6 29. Qd6 Re6 30. Qb8+ Kg7 31. Rh2 Qe3 32. Qb7 d4 33. Ka1 Qc3+
34. Qb2 Re1# 0-1

[Event "100th anniversary Efim Geller Blitz"]
[Site "Odesa"]
[Date "2025.11.29"]
[Round "10.2"]
[White "Kislinsky, Alexey"]
[Black "Oyberman, Mikhail"]
[Result "1-0"]
[WhiteElo "2316"]
[BlackElo "2102"]
[Annotator "IA Prokhorov Oleksandr"]
[PlyCount "77"]
[EventDate "2025.11.29"]
[EventType "swiss (blitz)"]
[EventRounds "11"]
[EventCountry "UKR"]

1. e4 e5 2. Nc3 Bc5 3. Nf3 d6 4. g3 Nc6 5. Bg2 Be6 6. Na4 Bb6 7. O-O Nge7 8.
Nxb6 axb6 9. d4 exd4 10. Nxd4 Nxd4 11. Qxd4 O-O 12. b3 Nc6 13. Qc3 Qd7 14. Bb2
f6 15. Rfe1 Ra5 16. a4 Rc5 17. Qd2 Bh3 18. Bh1 Kh8 19. f4 Ra5 20. Re3 Bg4 21.
Rae1 Raa8 22. Bg2 Be6 23. Rd3 Rad8 24. c4 Qc8 25. Bc3 Bf7 26. h3 Rfe8 27. g4
Bg6 28. Qb2 Qd7 29. Rde3 h5 30. g5 fxg5 31. Rg3 g4 32. hxg4 h4 33. Rh3 Qxg4 34.
Qf2 Kg8 35. Rxh4 Qd7 36. Bf3 Rf8 37. Qg3 Qe8 38. f5 Bh7 39. Qxg7# 1-0

[Event "100th anniversary Efim Geller Blitz"]
[Site "Odesa"]
[Date "2025.11.29"]
[Round "10.3"]
[White "Alexikov, Alexander"]
[Black "Starozhilov, Leonid"]
[Result "1/2-1/2"]
[WhiteElo "2159"]
[BlackElo "2303"]
[Annotator "IA Prokhorov Oleksandr"]
[PlyCount "93"]
[EventDate "2025.11.29"]
[EventType "swiss (blitz)"]
[EventRounds "11"]
[EventCountry "UKR"]

1. e4 g6 2. d4 Bg7 3. Nf3 d6 4. Bc4 Nf6 5. Qe2 Nc6 6. Nc3 Bg4 7. Be3 O-O 8.
O-O-O Nd7 9. h3 Bxf3 10. Qxf3 e5 11. dxe5 dxe5 12. Bd5 Nd4 13. Bxd4 exd4 14.
Ne2 c6 15. Bb3 Qg5+ 16. Kb1 Ne5 17. Qg3 Qxg3 18. Nxg3 Rfd8 19. f4 Nd7 20. Bc4
Nc5 21. Rhe1 a5 22. e5 b5 23. Be2 Bh6 24. Rf1 a4 25. a3 Rab8 26. Ka2 b4 27.
axb4 Rxb4 28. Rf3 Rdb8 29. Rb1 Bf8 30. c3 Rb3 31. Bc4 dxc3 32. Rxc3 Rxc3 33.
bxc3 Rxb1 34. Kxb1 Bh6 35. Ne2 Kg7 36. h4 f6 37. g4 fxe5 38. g5 exf4 39. Nxf4
Bxg5 40. hxg5 Ne4 41. Ne6+ Kh8 42. Kc2 h5 43. gxh6 Kh7 44. Bd3 Nf2 45. Nf8+
Kxh6 46. Ne6 Nxd3 47. Kxd3 1/2-1/2

[Event "100th anniversary Efim Geller Blitz"]
[Site "Odesa"]
[Date "2025.11.29"]
[Round "10.4"]
[White "Tobak, Mikhail"]
[Black "Bliumberg, Vladislav"]
[Result "1/2-1/2"]
[WhiteElo "2299"]
[BlackElo "2159"]
[Annotator "IA Prokhorov Oleksandr"]
[PlyCount "74"]
[EventDate "2025.11.29"]
[EventType "swiss (blitz)"]
[EventRounds "11"]
[EventCountry "UKR"]

1. e4 d5 2. exd5 Qxd5 3. Nc3 Qd6 4. b4 c6 5. b5 Nf6 6. a4 Bf5 7. Ba3 Qc7 8. Nf3
Nbd7 9. bxc6 bxc6 10. Bc4 e6 11. Bxf8 Nxf8 12. O-O N8d7 13. Nd4 Bg4 14. f3 Qb6
15. Nce2 Bh5 16. Qb1 Ne5 17. Qxb6 axb6 18. Bb3 c5 19. Nb5 O-O 20. d4 cxd4 21.
Nexd4 Rac8 22. Nd6 Rcd8 23. N4b5 Ne8 24. Nxe8 Rfxe8 25. f4 Nc6 26. f5 exf5 27.
Rxf5 Bg6 28. Rf2 Nd4 29. Nxd4 Rxd4 30. Raf1 Re7 31. Rf4 Rxf4 32. Rxf4 Kf8 33.
Rb4 Rc7 34. Rxb6 Bxc2 35. a5 Bxb3 36. Rxb3 Rc1+ 37. Kf2 Ra1 1/2-1/2

[Event "100th anniversary Efim Geller Blitz"]
[Site "Odesa"]
[Date "2025.11.29"]
[Round "10.5"]
[White "Garsky, Vladyslav"]
[Black "Golubev, Mikhail"]
[Result "0-1"]
[WhiteElo "2176"]
[BlackElo "2334"]
[Annotator "IA Prokhorov Oleksandr"]
[PlyCount "72"]
[EventDate "2025.11.29"]
[EventType "swiss (blitz)"]
[EventRounds "11"]
[EventCountry "UKR"]

1. e4 c5 2. g3 d5 3. Bg2 dxe4 4. Bxe4 Nf6 5. Bg2 g6 6. Nf3 Bg7 7. O-O O-O 8.
Nc3 Nc6 9. d3 Qd7 10. Re1 e6 11. Bg5 Nd5 12. Qd2 b6 13. Bh6 Bb7 14. Bxg7 Kxg7
15. Nxd5 exd5 16. Ne5 Qd6 17. Qf4 Rae8 18. Nxc6 Qxf4 19. gxf4 Bxc6 20. Re3 d4
21. Bxc6 dxe3 22. Bxe8 Rxe8 23. Re1 exf2+ 24. Kxf2 Rxe1 25. Kxe1 Kf6 26. Kf2
Kf5 27. Kf3 f6 28. a4 g5 29. fxg5 fxg5 30. c3 h5 31. h3 g4+ 32. hxg4+ hxg4+ 33.
Ke3 Ke5 34. b4 cxb4 35. cxb4 g3 36. a5 b5 0-1

[Event "100th anniversary Efim Geller Blitz"]
[Site "Odesa"]
[Date "2025.11.29"]
[Round "10.6"]
[White "Fingerov, Dmitry"]
[Black "Chepil, Olexandr"]
[Result "1-0"]
[WhiteElo "2242"]
[BlackElo "1908"]
[Annotator "IA Prokhorov Oleksandr"]
[PlyCount "40"]
[EventDate "2025.11.29"]
[EventType "swiss (blitz)"]
[EventRounds "11"]
[EventCountry "UKR"]

1. e4 c5 2. c3 Nf6 3. e5 Nd5 4. g3 d6 5. exd6 exd6 6. Bg2 Nb6 7. Ne2 Be7 8. d4
O-O 9. O-O Nc6 10. Na3 Bf6 11. dxc5 dxc5 12. Qxd8 Rxd8 13. Be3 Na4 14. Nb5 Nxb2
15. Rab1 Nc4 16. Nc7 Bf5 17. Rxb7 N4a5 18. Nxa8 Rxa8 19. Rc7 Bd3 20. Re1 Bxe2
1-0

[Event "100th anniversary Efim Geller Blitz"]
[Site "Odesa"]
[Date "2025.11.29"]
[Round "10.7"]
[White "Dovhan, Artem"]
[Black "Stets, Vasyl"]
[Result "1-0"]
[WhiteElo "2092"]
[BlackElo "2005"]
[Annotator "IA Prokhorov Oleksandr"]
[PlyCount "82"]
[EventDate "2025.11.29"]
[EventType "swiss (blitz)"]
[EventRounds "11"]
[EventCountry "UKR"]

1. e4 c5 2. d4 cxd4 3. Qxd4 Nc6 4. Qd3 g6 5. Nf3 Bg7 6. Be2 d6 7. O-O Nf6 8.
Nc3 O-O 9. Nd5 b6 10. c3 Bb7 11. Bg5 Ne5 12. Nxe5 dxe5 13. Rad1 h6 14. Bxf6
exf6 15. Qf3 Bxd5 16. Rxd5 Qc7 17. Rfd1 Rad8 18. Qd3 Rxd5 19. Qxd5 h5 20. g3
Bh6 21. Bc4 h4 22. Kg2 hxg3 23. hxg3 Kg7 24. Bb3 Bg5 25. Qd7 Qxd7 26. Rxd7 Bc1
27. Rxa7 Bxb2 28. Rc7 Ba3 29. Bd5 f5 30. f3 Bc5 31. a4 Be3 32. Re7 Kf6 33. Rb7
f4 34. gxf4 exf4 35. c4 g5 36. Rc7 Kg6 37. Rc6+ f6 38. Be6 Bc5 39. Rc7 Rh8 40.
Bf5+ Kh5 41. Rf7 Bd4 1-0

[Event "100th anniversary Efim Geller Blitz"]
[Site "Odesa"]
[Date "2025.11.29"]
[Round "10.8"]
[White "Stoliar, Volodymyr"]
[Black "Ahniannykov, Danylo"]
[Result "0-1"]
[WhiteElo "1977"]
[BlackElo "2067"]
[Annotator "IA Prokhorov Oleksandr"]
[PlyCount "120"]
[EventDate "2025.11.29"]
[EventType "swiss (blitz)"]
[EventRounds "11"]
[EventCountry "UKR"]

1. d4 Nf6 2. Bf4 b6 3. e3 Bb7 4. Nd2 e6 5. c3 Bd6 6. Bxd6 cxd6 7. Ngf3 d5 8.
Bd3 O-O 9. O-O d6 10. c4 dxc4 11. Nxc4 Qe7 12. a3 Nbd7 13. Re1 Rfc8 14. e4 Bxe4
15. Bxe4 Nxe4 16. Rxe4 Rxc4 17. Qe2 Rac8 18. h3 Nf6 19. Re3 Rc1+ 20. Rxc1 Rxc1+
21. Kh2 Qc7 22. Rd3 Qc2 23. Rd2 Qe4 24. Qxe4 Nxe4 25. Re2 Nf6 26. g3 Kf8 27.
Kg2 Ke7 28. Ne1 Kd7 29. f3 Nd5 30. Kf2 Rc4 31. Rd2 b5 32. Nc2 a5 33. Ne3 Nxe3
34. Kxe3 d5 35. Kd3 Rc1 36. Rg2 Rh1 37. h4 Rf1 38. Ke2 Rc1 39. Kd3 a4 40. g4
Rh1 41. h5 Rh3 42. Ke3 Rh1 43. Rc2 Rb1 44. Ke2 f6 45. Rd2 Rc1 46. Ke3 Kd6 47.
f4 Re1+ 48. Kf2 Re4 49. Kf3 Re1 50. Kf2 Rc1 51. Ke3 h6 52. Kf2 Rc4 53. Ke3 b4
54. axb4 Rxb4 55. Rc2 Rc4 56. Rd2 Kc6 57. Rd3 Kb5 58. Rd2 Kb4 59. Kd3 Rc1 60.
Ke3 Kb3 0-1

[Event "100th anniversary Efim Geller Blitz"]
[Site "Odesa"]
[Date "2025.11.29"]
[Round "10.9"]
[White "Makarov, V."]
[Black "Makarov, Pavlo"]
[Result "1-0"]
[WhiteElo "2270"]
[BlackElo "1959"]
[Annotator "IA Prokhorov Oleksandr"]
[PlyCount "57"]
[EventDate "2025.11.29"]
[EventType "swiss (blitz)"]
[EventRounds "11"]
[EventCountry "UKR"]

1. c4 f5 2. g3 Nf6 3. Bg2 g6 4. Nc3 Bg7 5. d4 d6 6. d5 O-O 7. Nh3 e5 8. dxe6 c6
9. Nf4 Qe7 10. O-O Bxe6 11. Nxe6 Qxe6 12. Bf4 Rd8 13. Rc1 Na6 14. b3 h6 15. Qd2
g5 16. Be3 Nc5 17. Qc2 Nfe4 18. Nxe4 Nxe4 19. g4 d5 20. gxf5 Qxf5 21. f3 Nd6
22. cxd5 cxd5 23. Rfd1 Qxc2 24. Rxc2 Nf5 25. Bf2 d4 26. Rc7 Ne3 27. Rd3 Rac8
28. Rxc8 Rxc8 29. Bg3 {time} 1-0